[Event "Banff op"]
[Site "Banff CAN"]
[Date "2022.11.12"]
[Round "3.19"]
[White "Russell, Wesley"]
[Black "Bai, Jinghui"]
[Result "0-1"]
[WhiteElo "1713"]
[BlackElo "2026"]
[PlyCount "96"]
[EventDate "2022.11.11"]
[EventType "swiss"]
[EventRounds "6"]
[EventCountry "CAN"]

1. e4 c5 2. c3 d5 3. exd5 Qxd5 4. d4 Nf6 5. Nf3 Nc6 6. Be2 cxd4 7. cxd4 Bg4 8.
O-O e6 9. Nc3 Qd7 10. Be3 Be7 11. Qb3 O-O 12. Rfd1 Na5 13. Qc2 Bf5 14. Bd3 Bxd3
15. Qxd3 Nd5 16. Ng5 Bxg5 17. Bxg5 h6 18. Bh4 Rac8 19. Ne4 Qc6 20. b3 b6 21.
Re1 f5 22. Nd2 g5 23. Bg3 Nb4 24. Qb1 Nc2 25. Rc1 Qc3 26. Nc4 Qxa1 27. Qxc2
Qxd4 28. Be5 Qd5 29. Qe2 Rc5 30. Qh5 Kh7 31. Rd1 Qc6 32. Bd6 Qe8 33. Qxe8 Rxe8
34. Bxc5 Nxc4 35. bxc4 bxc5 36. Rd7+ Kg6 37. Rxa7 Rd8 38. Kf1 Rd4 39. Ra4 Kf6
40. Ke2 Ke5 41. g3 g4 42. Ke3 h5 43. Ke2 Ke4 44. Ra6 e5 45. Ra4 f4 46. a3 f3+
47. Ke1 Kd3 48. Ra6 Kc2 0-1

[Event "Banff op"]
[Site "Banff CAN"]
[Date "2022.11.12"]
[Round "3.20"]
[White "Tolentino, Patrick Angelo"]
[Black "Hobbs, Richard"]
[Result "1-0"]
[WhiteElo "2250"]
[BlackElo "1876"]
[PlyCount "59"]
[EventDate "2022.11.11"]
[EventType "swiss"]
[EventRounds "6"]
[EventCountry "CAN"]

1. e4 d5 2. exd5 Nf6 3. d4 Bg4 4. Bb5+ Nbd7 5. Ne2 Nxd5 6. O-O c6 7. Bc4 e6 8.
f3 Bf5 9. Ng3 Bg6 10. f4 Bd6 11. Nc3 N7f6 12. f5 Bxg3 13. fxg6 Bxh2+ 14. Kxh2
hxg6+ 15. Kg1 Qc7 16. Bxd5 Qh2+ 17. Kf2 cxd5 18. Bg5 Rh5 19. Rh1 Qd6 20. Rxh5
Nxh5 21. Qg4 Rc8 22. Re1 Kd7 23. Re2 Rc4 24. Nd1 Rxd4 25. Qxd4 Qg3+ 26. Kg1
Qxg5 27. Rf2 Ng3 28. Qe3 Qh4 29. Rxf7+ Kc8 30. Qxe6+ 1-0

[Event "Banff op"]
[Site "Banff CAN"]
[Date "2022.11.12"]
[Round "3.22"]
[White "Ming, Jerry"]
[Black "Liu, Zachary"]
[Result "1/2-1/2"]
[WhiteElo "1731"]
[BlackElo "1963"]
[PlyCount "74"]
[EventDate "2022.11.11"]
[EventType "swiss"]
[EventRounds "6"]
[EventCountry "CAN"]

1. e4 c5 2. c3 d5 3. exd5 Nf6 4. d4 Nxd5 5. Nf3 cxd4 6. Nxd4 g6 7. Bb5+ Bd7 8.
Bxd7+ Qxd7 9. O-O Bg7 10. Na3 O-O 11. Re1 Na6 12. Nac2 Nc5 13. Be3 Rac8 14. Nb3
Nxe3 15. Qxd7 Nxd7 16. Rxe3 e6 17. Ncd4 Ne5 18. Nd2 Ng4 19. Rg3 h5 20. h3 Nh6
21. N2b3 Rfd8 22. Re3 Rd5 23. Re2 b5 24. a3 Kf8 25. Rd2 Rcd8 26. Rad1 Ng8 27.
Nxb5 Rxd2 28. Rxd2 Rb8 29. Nxa7 Rxb3 30. Rd8+ Ke7 31. Nc6+ Kf6 32. Rxg8 Rxb2
33. Rb8 Rc2 34. Rb3 Kf5 35. Nd4+ Bxd4 36. cxd4 Ra2 37. Rf3+ Kg5 1/2-1/2

[Event "Banff op"]
[Site "Banff CAN"]
[Date "2022.11.12"]
[Round "3.23"]
[White "Moore, Kevin"]
[Black "Vasic, Maxim"]
[Result "0-1"]
[WhiteElo "1655"]
[BlackElo "2119"]
[PlyCount "66"]
[EventDate "2022.11.11"]
[EventType "swiss"]
[EventRounds "6"]
[EventCountry "CAN"]

1. e4 c6 2. Bc4 d5 3. Bb3 dxe4 4. Qh5 g6 5. Qh4 Nf6 6. Nc3 Bf5 7. f3 exf3 8.
Nxf3 Bg7 9. d4 h6 10. Ne5 e6 11. Be3 Nbd7 12. O-O-O Nxe5 13. dxe5 Nd7 14. Qb4
Qc7 15. g4 a5 16. Qd4 Bxe5 17. Qxd7+ Qxd7 18. Rxd7 Kxd7 19. gxf5 gxf5 20. Na4
Rag8 21. Nb6+ Ke8 22. Nc4 Bc7 23. c3 Rg2 24. h4 f4 25. Bd4 Rhg8 26. Bd1 R8g3
27. Bh5 f3 28. Be5 Bxe5 29. Nxe5 Rg1+ 30. Rxg1 Rxg1+ 31. Kd2 f2 32. Be2 f1=Q
33. Bxf1 Rxf1 0-1

[Event "Banff op"]
[Site "Banff CAN"]
[Date "2022.11.12"]
[Round "4.1"]
[White "Kaufman, Raymond"]
[Black "De Firmian, Nick"]
[Result "0-1"]
[WhiteElo "2340"]
[BlackElo "2550"]
[PlyCount "96"]
[EventDate "2022.11.11"]
[EventType "swiss"]
[EventRounds "6"]
[EventCountry "CAN"]

1. e4 c5 2. Nf3 d6 3. d4 cxd4 4. Nxd4 Nf6 5. Nc3 a6 6. Bg5 e6 7. f4 Be7 8. Qf3
Qc7 9. O-O-O Nbd7 10. g4 h6 11. Bxf6 Bxf6 12. h4 Nb6 13. Be2 Bd7 14. g5 Be7 15.
Rhg1 hxg5 16. hxg5 g6 17. f5 e5 18. Nb3 gxf5 19. exf5 O-O-O 20. Na5 Kb8 21. Qe4
d5 22. Nxd5 Bxf5 23. Qxf5 Nxd5 24. Nxb7 Qxb7 25. Bf3 Qb6 26. g6 fxg6 27. Qe4
Qe3+ 28. Qxe3 Nxe3 29. Rde1 Bc5 30. Rxg6 Rh2 31. Rxa6 Rxc2+ 32. Kb1 Rdd2 33.
Rg1 Rxb2+ 34. Ka1 Nc2+ 35. Kxb2 Bxg1 36. Kc3 Rh2 37. Be4 Bd4+ 38. Kc4 Ne3+ 39.
Kb5 Rb2+ 40. Kc6 Nc4 41. Kd7 Nb6+ 42. Ke7 Rb4 43. Bc6 Kc7 44. Be8 Kb7 45. Ra3
e4 46. Bg6 e3 47. Be4+ Kb8 48. Bf3 Rb2 0-1

[Event "Banff op"]
[Site "Banff CAN"]
[Date "2022.11.12"]
[Round "4.2"]
[White "Khodjimatov, Sherzod"]
[Black "Nones, Teodulfo II"]
[Result "1-0"]
[WhiteElo "2282"]
[BlackElo "2347"]
[PlyCount "63"]
[EventDate "2022.11.11"]
[EventType "swiss"]
[EventRounds "6"]
[EventCountry "CAN"]

1. e4 c5 2. Nc3 Nc6 3. g3 g6 4. Bg2 Bg7 5. d3 d6 6. Be3 Nf6 7. h3 Nd4 8. Nce2
Qb6 9. c3 Nxe2 10. Qxe2 O-O 11. f4 e5 12. Qd2 Nh5 13. Ne2 f5 14. O-O Qc7 15.
Kh2 Be6 16. Bf3 Nf6 17. a3 Rad8 18. exf5 gxf5 19. Rac1 c4 20. Bg2 b5 21. fxe5
dxe5 22. d4 Qf7 23. Bg5 Qh5 24. Bxf6 Bxf6 25. Qe3 Bd5 26. dxe5 Bxg2 27. Kxg2
Bxe5 28. Qxe5 Rd2 29. Qe6+ Kh8 30. Rf2 f4 31. Nxf4 Rxf2+ 32. Kxf2 1-0

[Event "Banff op"]
[Site "Banff CAN"]
[Date "2022.11.12"]
[Round "4.3"]
[White "Lin, Leo"]
[Black "Yearwood, Roy"]
[Result "1-0"]
[WhiteElo "2130"]
[BlackElo "2032"]
[PlyCount "139"]
[EventDate "2022.11.11"]
[EventType "swiss"]
[EventRounds "6"]
[EventCountry "CAN"]

1. e4 c6 2. d4 d5 3. exd5 cxd5 4. Bd3 g6 5. Bf4 Nc6 6. c3 Qb6 7. Qb3 Bh6 8.
Bxh6 Nxh6 9. Nd2 Bf5 10. Bxf5 Nxf5 11. Ngf3 O-O 12. O-O e6 13. Rfe1 Rfc8 14.
Qa3 Na5 15. Ne5 Nd6 16. Re3 Rc7 17. Rf3 Rac8 18. Re1 Kg7 19. g3 h5 20. h4 Re8
21. Kg2 Rce7 22. b4 Nac4 23. Ndxc4 dxc4 24. Qc1 f6 25. Rxf6 Kxf6 26. Qh6 Rc7
27. Re3 Rg8 28. Qg5+ Kg7 29. Qxg6+ Kh8 30. Qh6+ Rh7 31. Qf6+ Rhg7 32. Qh6+ Rh7
33. Ng6+ Rxg6 34. Qxg6 Qd8 35. Rxe6 Nf7 36. Kg1 Qf8 37. Qe4 Kg7 38. d5 Rh6 39.
Re7 Rf6 40. Rxb7 a5 41. a3 axb4 42. axb4 Qa8 43. d6 Qa1+ 44. Kg2 Rxd6 45. Qxc4
Rf6 46. Rd7 Qe1 47. Qd4 Kg6 48. Rd5 Qa1 49. Qe4+ Kg7 50. Qd4 Kg6 51. b5 Qa2 52.
Rc5 Qa8+ 53. Rc6 Rxc6 54. Qe4+ Kg7 55. bxc6 Nd8 56. Qe5+ Kf8 57. Qxh5 Qxc6+ 58.
Qf3+ Kg7 59. Qxc6 Nxc6 60. Kf3 Kf6 61. Ke4 Ke6 62. f4 Na5 63. f5+ Kd6 64. h5
Nc4 65. g4 Ne5 66. g5 Nf7 67. Kf4 Ke7 68. g6 Nd6 69. h6 Ne8 70. h7 1-0

[Event "Banff op"]
[Site "Banff CAN"]
[Date "2022.11.12"]
[Round "4.4"]
[White "Ng, Gary"]
[Black "Rekhson, Vladislav"]
[Result "1/2-1/2"]
[WhiteElo "2378"]
[BlackElo "2122"]
[PlyCount "102"]
[EventDate "2022.11.11"]
[EventType "swiss"]
[EventRounds "6"]
[EventCountry "CAN"]

1. d4 Nf6 2. Bf4 d5 3. e3 e6 4. Nd2 c5 5. c3 Be7 6. Ngf3 Nc6 7. Ne5 Nxe5 8.
dxe5 Nd7 9. Bd3 a6 10. h4 h5 11. g4 c4 12. Bc2 g6 13. Bg3 Qc7 14. gxh5 Rxh5 15.
Nf3 Nc5 16. Nd4 Bd7 17. Qf3 Ba4 18. Bxa4+ Nxa4 19. Rb1 Nc5 20. Ke2 Ne4 21. Qf4
Nxg3+ 22. fxg3 Qxe5 23. Nf3 Qxf4 24. exf4 f6 25. b3 cxb3 26. Rxb3 b5 27. Ra1
Rb8 28. a4 b4 29. Nd4 Kd7 30. Nc2 e5 31. fxe5 Rxe5+ 32. Kf3 Re4 33. Re1 Kc6 34.
Nd4+ Kc5 35. cxb4+ Rxb4 36. Rxb4 Kxb4 37. Nc6+ Kc5 38. Rc1+ Kd6 39. Nxe7 Rxe7
40. Rc8 Re4 41. a5 Ra4 42. Rg8 Ra3+ 43. Kg4 Ra4+ 44. Kf3 Ra3+ 45. Kg4 Ke6 46.
Rxg6 Rxa5 47. h5 Kf7 48. Rh6 Kg7 49. Rg6+ Kf7 50. Rh6 Ke7 51. Rg6 Kf7 1/2-1/2

[Event "Banff op"]
[Site "Banff CAN"]
[Date "2022.11.12"]
[Round "4.5"]
[White "Kim, Noah"]
[Black "Findlay, Ian"]
[Result "1-0"]
[WhiteElo "2069"]
[BlackElo "2304"]
[PlyCount "67"]
[EventDate "2022.11.11"]
[EventType "swiss"]
[EventRounds "6"]
[EventCountry "CAN"]

1. e4 c5 2. Nf3 e6 3. g3 Nc6 4. Bg2 Nf6 5. Qe2 d5 6. exd5 Nxd5 7. O-O Be7 8.
Rd1 O-O 9. d4 cxd4 10. Nxd4 Nxd4 11. Rxd4 Bf6 12. Rd1 Qb6 13. c4 Qa6 14. Nd2
Nb6 15. Ne4 Be7 16. b3 e5 17. Bb2 f6 18. Nc3 Bf5 19. Nb5 Rad8 20. a3 Nc8 21.
Rxd8 Rxd8 22. Qf3 Bc2 23. Rc1 e4 24. Qe3 Rd3 25. Qe2 Bxb3 26. Bxe4 Rd8 27. Qh5
g6 28. Qe2 Ba4 29. Bd5+ Kh8 30. Nc7 Qb6 31. Ne6 Rd7 32. Bd4 Qb3 33. Nc5 Qxa3
34. Ra1 1-0

[Event "Banff op"]
[Site "Banff CAN"]
[Date "2022.11.12"]
[Round "4.6"]
[White "Doknjas, Neil"]
[Black "Srinivasan, Hemant"]
[Result "1-0"]
[WhiteElo "2241"]
[BlackElo "2108"]
[PlyCount "105"]
[EventDate "2022.11.11"]
[EventType "swiss"]
[EventRounds "6"]
[EventCountry "CAN"]

1. e4 c6 2. d4 d5 3. e5 c5 4. Nf3 cxd4 5. Nxd4 Nc6 6. c4 e6 7. Nc3 Bc5 8. Nxc6
bxc6 9. cxd5 cxd5 10. b4 Be7 11. a3 f6 12. f4 a5 13. Rb1 Nh6 14. Qh5+ Nf7 15.
Bd3 g6 16. Qe2 axb4 17. axb4 fxe5 18. fxe5 Qc7 19. Bb5+ Kf8 20. O-O Kg7 21. Be3
Ra3 22. Nxd5 exd5 23. e6 Ne5 24. Bd4 Bf6 25. Rxf6 Kxf6 26. Rf1+ Kxe6 27. Re1
Kf7 28. Bxe5 Qb6+ 29. Kh1 Rf8 30. Bb2 Ra7 31. Qe5 Rg8 32. Bd4 Qe6 33. Rf1+ Ke7
34. Bc5+ Kd8 35. Qxe6 Bxe6 36. Bxa7 Kc7 37. Bc5 Bf5 38. h3 Rb8 39. Ba6 d4 40.
Rd1 d3 41. Bxd3 Rd8 42. Be2 Rxd1+ 43. Bxd1 Kc6 44. Kg1 Kd5 45. Kf2 Bd3 46. Ke3
Bf1 47. Bf3+ Ke5 48. Bd4+ Kf5 49. Bg4+ Kg5 50. g3 h5 51. Bd7 h4 52. gxh4+ Kxh4
53. b5 1-0

[Event "Banff op"]
[Site "Banff CAN"]
[Date "2022.11.12"]
[Round "4.7"]
[White "Arruebarrena, Rafael"]
[Black "Suominen, David"]
[Result "1-0"]
[WhiteElo "2238"]
[BlackElo "2040"]
[PlyCount "45"]
[EventDate "2022.11.11"]
[EventType "swiss"]
[EventRounds "6"]
[EventCountry "CAN"]

1. e4 c6 2. d4 d5 3. Nd2 dxe4 4. Nxe4 Nd7 5. Ng5 Ngf6 6. Bd3 e6 7. N1f3 Bd6 8.
Qe2 h6 9. Ne4 Nxe4 10. Qxe4 Qc7 11. O-O b6 12. Qg4 Kf8 13. Re1 Bb7 14. b3 Nf6
15. Qh4 Nd5 16. c4 Nb4 17. Be4 c5 18. Bb2 g5 19. Qh5 Bxe4 20. Rxe4 Nd3 21. dxc5
Nxb2 22. cxd6 Qb7 23. Rd4 1-0

[Event "Banff op"]
[Site "Banff CAN"]
[Date "2022.11.12"]
[Round "4.8"]
[White "Zhu, Brandon"]
[Black "Yang, Jingyun (Ryan)"]
[Result "1-0"]
[WhiteElo "2066"]
[BlackElo "2237"]
[PlyCount "131"]
[EventDate "2022.11.11"]
[EventType "swiss"]
[EventRounds "6"]
[EventCountry "CAN"]

1. d4 Nf6 2. Nf3 e6 3. Bf4 d5 4. e3 Bd6 5. Bd3 Bxf4 6. exf4 O-O 7. Nc3 c5 8.
dxc5 Qc7 9. Ne5 Nbd7 10. Qe2 Nxc5 11. O-O-O a6 12. g4 b5 13. g5 Nfe4 14. Bxe4
dxe4 15. Rhg1 Bb7 16. a3 Rad8 17. Rg3 Nd7 18. Nxd7 Rxd7 19. Rxd7 Qxd7 20. Nxe4
Qd4 21. Re3 Bxe4 22. Rxe4 Qd5 23. b3 Qc5 24. Kb2 Rd8 25. Qe3 Qc6 26. Rd4 Rf8
27. Qd2 Qc7 28. Rd7 Qc8 29. h4 g6 30. Qd4 Qa8 31. Qd6 Qh1 32. Rd8 Rxd8 33.
Qxd8+ Kg7 34. Qf6+ Kg8 35. Qd8+ Kg7 36. Qd4+ Kg8 37. c4 bxc4 38. bxc4 Qxh4 39.
c5 e5 40. Qxe5 Qxf2+ 41. Kb3 Qf3+ 42. Kc4 Qc6 43. Qd6 Qe4+ 44. Qd4 Qe2+ 45. Kb3
Qf3+ 46. Ka4 Qc6+ 47. Kb4 Qb5+ 48. Kc3 Qa5+ 49. Qb4 Qd8 50. c6 Qd1 51. Qb8+ Kg7
52. c7 Qc1+ 53. Kd4 Qxf4+ 54. Kc5 Qxg5+ 55. Kb6 Qb5+ 56. Ka7 Qc5+ 57. Ka8 Qxa3
58. c8=Q Qf3+ 59. Qbb7 Qf6 60. Qcb8 Qf1 61. Qb2+ f6 62. Qc7+ Kh6 63. Qbh2+ Kg5
64. Qhg3+ Kf5 65. Qc5+ Ke4 66. Qge3# 1-0

[Event "Banff op"]
[Site "Banff CAN"]
[Date "2022.11.12"]
[Round "4.9"]
[White "Wolchock, Theo"]
[Black "Barbosa Landre, Geraldo"]
[Result "1-0"]
[WhiteElo "2212"]
[BlackElo "1852"]
[PlyCount "73"]
[EventDate "2022.11.11"]
[EventType "swiss"]
[EventRounds "6"]
[EventCountry "CAN"]

1. e4 e6 2. d4 d5 3. Bd3 dxe4 4. Bxe4 Nf6 5. Bf3 c5 6. Ne2 Nc6 7. Be3 cxd4 8.
Nxd4 Ne5 9. Nc3 a6 10. Qe2 Qc7 11. O-O Bd6 12. h3 O-O 13. Rad1 Nxf3+ 14. Qxf3
Bd7 15. Bg5 Be5 16. Rfe1 h6 17. Bh4 Bxd4 18. Rxd4 Bc6 19. Qe2 Nd5 20. Nxd5 Bxd5
21. c4 Bc6 22. Rg4 Kh7 23. Qc2+ f5 24. Rxe6 Be4 25. Rgxe4 fxe4 26. Qxe4+ Kh8
27. Bg3 Qd7 28. Rxh6+ Kg8 29. Qh7+ Kf7 30. Qg6+ Kg8 31. Qh7+ Kf7 32. Qg6+ Kg8
33. Be5 Rfe8 34. Qh7+ Kf8 35. Qh8+ Ke7 36. Qxg7+ Kd8 37. Rd6 1-0

[Event "Banff op"]
[Site "Banff CAN"]
[Date "2022.11.12"]
[Round "4.10"]
[White "Kostadinov, Georgi"]
[Black "Taylor, Tristan"]
[Result "1/2-1/2"]
[WhiteElo "2185"]
[BlackElo "2020"]
[PlyCount "52"]
[EventDate "2022.11.11"]
[EventType "swiss"]
[EventRounds "6"]
[EventCountry "CAN"]

1. d4 Nf6 2. c4 e6 3. Nf3 d5 4. g3 dxc4 5. Bg2 c6 6. Ne5 Bb4+ 7. Bd2 Be7 8. e3
b5 9. Nxc6 Nxc6 10. Bxc6+ Bd7 11. Bxa8 Qxa8 12. O-O e5 13. f3 exd4 14. exd4 O-O
15. a3 Nd5 16. Nc3 Bf6 17. Nxd5 Qxd5 18. Bc3 Bf5 19. Re1 Bd3 20. Qd2 Qxf3 21.
Re3 Qd5 22. Rxd3 cxd3 23. Qxd3 Rd8 24. Re1 g6 25. Re4 Bg7 26. Qe2 h5 1/2-1/2

[Event "Banff op"]
[Site "Banff CAN"]
[Date "2022.11.12"]
[Round "4.11"]
[White "Bai, Jinghui"]
[Black "Wang, Paul"]
[Result "0-1"]
[WhiteElo "2026"]
[BlackElo "2131"]
[PlyCount "130"]
[EventDate "2022.11.11"]
[EventType "swiss"]
[EventRounds "6"]
[EventCountry "CAN"]

1. c4 c6 2. g3 d5 3. cxd5 cxd5 4. d4 Nf6 5. Nc3 Bf5 6. Bg2 e6 7. Bf4 Bd6 8.
Bxd6 Qxd6 9. e3 O-O 10. Nge2 Nc6 11. O-O Rac8 12. Qd2 Rfd8 13. Rfd1 h6 14. Nf4
a6 15. Nd3 Bxd3 16. Qxd3 b5 17. Rac1 Qb4 18. a4 Qxb2 19. axb5 Nb4 20. Qb1 Qa3
21. Ne2 axb5 22. Rc5 Rxc5 23. dxc5 Rc8 24. Rc1 Nd7 25. Rc3 Qa4 26. Rb3 Na6 27.
Nc3 Qa5 28. Nxb5 Naxc5 29. Rb2 Rb8 30. Bf1 Ne4 31. Qc1 Ne5 32. Nd4 Rxb2 33.
Qxb2 Qe1 34. Qe2 Qc1 35. Qb5 Nc4 36. Kg2 Qd2 37. Qb8+ Kh7 38. Qf4 Nxf2 39. Kg1
Nxe3 40. Nf3 Nxf1 41. Nxd2 Nh3+ 42. Kxf1 Nxf4 43. gxf4 Kg6 44. Kf2 Kf5 45. Kf3
g5 46. fxg5 hxg5 47. Nf1 g4+ 48. Ke3 e5 49. Ng3+ Kg5 50. Ne2 f5 51. Nc1 f4+ 52.
Kf2 Kf5 53. Ke2 e4 54. Nb3 Ke5 55. Nc5 f3+ 56. Kf2 d4 57. Kg3 e3 58. h4 f2 59.
Kg2 g3 60. Nd3+ Kf5 61. Nc1 d3 62. Nxd3 e2 63. Nxf2 e1=Q 64. Kxg3 Qe3+ 65. Kg2
Qf4 0-1

[Event "Banff op"]
[Site "Banff CAN"]
[Date "2022.11.12"]
[Round "4.12"]
[White "Miller, David"]
[Black "Zacharias, Nicholas"]
[Result "1-0"]
[WhiteElo "2237"]
[BlackElo "1781"]
[PlyCount "71"]
[EventDate "2022.11.11"]
[EventType "swiss"]
[EventRounds "6"]
[EventCountry "CAN"]

1. e4 c5 2. Nf3 Nc6 3. d4 cxd4 4. Nxd4 Nf6 5. Nc3 d6 6. Bc4 e6 7. Be3 Be7 8.
Bb3 O-O 9. Qe2 a6 10. O-O-O Qe8 11. Rhg1 b5 12. g4 b4 13. Nxc6 Qxc6 14. Nd5
Nxd5 15. exd5 Qe8 16. Bd2 exd5 17. Bxd5 Ra7 18. Rde1 a5 19. Kb1 Ba6 20. Qf3 Qc8
21. g5 Kh8 22. Qh5 Bc4 23. Bxc4 Qxc4 24. Rg4 Qd5 25. Be3 Rc7 26. Rg3 Rfc8 27.
Rc1 a4 28. Qf3 Qe5 29. Qf4 Qd5 30. Qxb4 a3 31. Qxa3 Ra8 32. Qb3 Qe4 33. Qd3 Qa4
34. a3 d5 35. Rh3 g6 36. Bd4+ 1-0

[Event "Banff op"]
[Site "Banff CAN"]
[Date "2022.11.12"]
[Round "4.15"]
[White "Wu, Nathan"]
[Black "Chandra, Anand Rishi"]
[Result "1/2-1/2"]
[WhiteElo "1842"]
[BlackElo "2063"]
[PlyCount "40"]
[EventDate "2022.11.11"]
[EventType "swiss"]
[EventRounds "6"]
[EventCountry "CAN"]

1. d4 d5 2. Bf4 Nf6 3. e3 c5 4. Nc3 e6 5. Nb5 Na6 6. c3 Be7 7. a4 O-O 8. Nf3
Ne8 9. Bd3 Nac7 10. Nxc7 Nxc7 11. Ne5 Ne8 12. h4 cxd4 13. exd4 Nf6 14. g4 Ne4
15. Qf3 f6 16. Nc4 Nc5 17. dxc5 dxc4 18. Bxc4 Bxc5 19. Be3 Qe7 20. Qe4 Bxe3
1/2-1/2

[Event "Banff op"]
[Site "Banff CAN"]
[Date "2022.11.12"]
[Round "4.16"]
[White "Vasic, Maxim"]
[Black "Jiang, Kate"]
[Result "1-0"]
[WhiteElo "2119"]
[BlackElo "1952"]
[PlyCount "117"]
[EventDate "2022.11.11"]
[EventType "swiss"]
[EventRounds "6"]
[EventCountry "CAN"]

1. d4 d5 2. c4 c6 3. Nf3 Nf6 4. Nc3 e6 5. cxd5 exd5 6. Qc2 Bd6 7. Bg5 O-O 8. e3
Nbd7 9. Bd3 g6 10. O-O Re8 11. Qa4 Nf8 12. Nxd5 cxd5 13. Bxf6 Bd7 14. Bxd8 Bxa4
15. Bh4 Rac8 16. Rac1 a6 17. Bg3 Bxg3 18. hxg3 Ne6 19. b3 Bb5 20. Bxb5 axb5 21.
Ne5 Kf8 22. Nd3 Ke7 23. Rxc8 Rxc8 24. Rc1 Ra8 25. Rc2 Kd6 26. g4 Rf8 27. Nc5
Nd8 28. f3 f6 29. Nd3 Ne6 30. f4 f5 31. g5 Ra8 32. Ne5 Nd8 33. g3 Nc6 34. Rh2
Ne7 35. Rxh7 Rxa2 36. Nxg6 Nc6 37. Nh4 Ne7 38. Rf7 Re2 39. Nxf5+ Nxf5 40. Rf6+
Kd7 41. Rxf5 Rxe3 42. Rxd5+ Ke7 43. Rc5 Kd6 44. Rxb5 Rxg3+ 45. Kf2 Rd3 46. d5
b6 47. Rxb6+ Kxd5 48. g6 Ke4 49. g7 Rd8 50. Rg6 Rg8 51. Kg3 Kf5 52. Rg5+ Kf6
53. Kg4 Kf7 54. Kf5 Ke7 55. Kg6 Rb8 56. Kh7 Rxb3 57. Re5+ Kf6 58. g8=N+ Kf7 59.
Re7+ 1-0

[Event "Banff op"]
[Site "Banff CAN"]
[Date "2022.11.12"]
[Round "4.17"]
[White "Dorn, Paris"]
[Black "Darvekar, Yash"]
[Result "1-0"]
[WhiteElo "2096"]
[BlackElo "1840"]
[PlyCount "71"]
[EventDate "2022.11.11"]
[EventType "swiss"]
[EventRounds "6"]
[EventCountry "CAN"]

1. d4 d5 2. c4 c6 3. Nc3 Nf6 4. e3 e6 5. Nf3 Nbd7 6. Qc2 Bd6 7. Bd3 dxc4 8.
Bxc4 b5 9. Be2 Bb7 10. e4 e5 11. dxe5 Nxe5 12. Nd4 O-O 13. O-O Neg4 14. g3 Rc8
15. Nf5 Bc5 16. Bf4 Qb6 17. e5 Bxf2+ 18. Kg2 c5+ 19. Kh3 Rfe8 20. exf6 Qc6 21.
Kxg4 Qxf6 22. Bg5 h5+ 23. Kh4 Qe6 24. Rxf2 b4 25. Bxh5 bxc3 26. Bxf7+ Qxf7 27.
Nh6+ gxh6 28. Rxf7 hxg5+ 29. Kxg5 Kxf7 30. Qg6+ Ke7 31. Qf6+ Kd7 32. Rd1+ Bd5
33. Rxd5+ Kc7 34. Rxc5+ Kb7 35. Rxc8 Rxc8 36. bxc3 1-0

[Event "Banff op"]
[Site "Banff CAN"]
[Date "2022.11.12"]
[Round "4.18"]
[White "Hoekman, Samuel"]
[Black "Van den Born, Ico"]
[Result "1-0"]
[WhiteElo "1857"]
[BlackElo "2074"]
[PlyCount "78"]
[EventDate "2022.11.11"]
[EventType "swiss"]
[EventRounds "6"]
[EventCountry "CAN"]

1. d4 Nf6 2. c4 g6 3. g3 c6 4. Bg2 d5 5. Nf3 Bg7 6. O-O O-O 7. Ne5 Nbd7 8. Bf4
e6 9. Nxd7 Qxd7 10. Be5 Ne8 11. Nd2 f6 12. Bf4 e5 13. Be3 e4 14. cxd5 cxd5 15.
Qb3 Kh8 16. Rac1 b6 17. Nb1 Bb7 18. Nc3 Rd8 19. Nb5 Bc6 20. Nxa7 Ba4 21. Qxb6
Ra8 22. Nc6 Nd6 23. b3 Bb5 24. Nb4 Rab8 25. Qc5 Bxe2 26. Rfe1 Rb5 27. Qc6 Bg4
28. Qxd7 Bxd7 29. a3 Rb6 30. Rc5 Ra8 31. Nxd5 Rxb3 32. Bf4 Nb5 33. Nb6 Bf8 34.
Nxa8 Bxc5 35. dxc5 f5 36. a4 Nc3 37. Nb6 Bc6 38. a5 Kg8 39. Bf1 Kf8 1-0

[Event "Banff op"]
[Site "Banff CAN"]
[Date "2022.11.12"]
[Round "4.19"]
[White "Valentino, Marcos"]
[Black "Wu, Charles"]
[Result "1-0"]
[WhiteElo "2040"]
[BlackElo "1820"]
[PlyCount "36"]
[EventDate "2022.11.11"]
[EventType "swiss"]
[EventRounds "6"]
[EventCountry "CAN"]

1. Nf3 d5 2. d4 c5 3. c3 Nc6 4. g3 Nf6 5. Bg2 Bf5 6. O-O e6 7. Nbd2 h6 8. Qa4
a6 9. Ne5 Qc7 10. Nxc6 Qxc6 11. Qxc6+ bxc6 12. Nc4 Nd7 13. Na5 Rc8 14. Nb3 c4
15. Nd2 Nf6 16. b3 cxb3 17. axb3 Ra8 18. Ba3 Kd7 {illisible} 1-0

[Event "Banff op"]
[Site "Banff CAN"]
[Date "2022.11.12"]
[Round "4.21"]
[White "Xie, Tao"]
[Black "Cheng, Louis"]
[Result "0-1"]
[WhiteElo "1838"]
[BlackElo "2002"]
[PlyCount "116"]
[EventDate "2022.11.11"]
[EventType "swiss"]
[EventRounds "6"]
[EventCountry "CAN"]

1. e4 g6 2. d4 Bg7 3. Be3 d6 4. c3 Nf6 5. Bd3 O-O 6. Ne2 e5 7. O-O Qe7 8. f3 c6
9. c4 exd4 10. Bxd4 Nbd7 11. Nbc3 Ne5 12. b4 Be6 13. c5 Rfd8 14. Bxe5 dxe5 15.
Qc2 h5 16. Nd1 a5 17. Bc4 axb4 18. Bxe6 Qxe6 19. Ne3 Ra3 20. Nc4 Rc3 21. Nxc3
Qxc4 22. Rfc1 Qxc5+ 23. Kf1 bxc3 24. Qxc3 Qxc3 25. Rxc3 Ne8 26. a4 Bf8 27. Rb3
Nd6 28. a5 Ra8 29. Rb6 c5 30. Ke2 Kg7 31. Rb2 Be7 32. Rc2 Nb5 33. Rb2 Nd4+ 34.
Kd3 b5 35. a6 Ra7 36. Rf2 Bd6 37. g3 f6 38. f4 Kf7 39. fxe5 Bxe5 40. Rg2 Nc6
41. Rb1 Nb4+ 42. Ke3 Rxa6 43. Rd2 Bd4+ 44. Kf4 g5+ 45. Kf3 Ra3+ 46. Ke2 Na2 47.
Kf1 Nc3 48. Re1 b4 49. Rd3 Ra2 50. Rf3 Ke6 51. e5 fxe5 52. h4 gxh4 53. gxh4 Rh2
54. Re2 Rh1+ 55. Kg2 Rg1+ 56. Kh2 Nxe2 57. Rf4 exf4 58. Kh3 f3 0-1

[Event "Banff op"]
[Site "Banff CAN"]
[Date "2022.11.12"]
[Round "4.22"]
[White "Leong, Aiden"]
[Black "Liu, Zachary"]
[Result "1/2-1/2"]
[WhiteElo "1779"]
[BlackElo "1963"]
[PlyCount "47"]
[EventDate "2022.11.11"]
[EventType "swiss"]
[EventRounds "6"]
[EventCountry "CAN"]

1. Nf3 d5 2. g3 Nf6 3. Bg2 Bf5 4. b3 e6 5. O-O h6 6. Bb2 Be7 7. d3 O-O 8. Nbd2
Nbd7 9. Re1 c5 10. c4 Bh7 11. e4 d4 12. Qe2 e5 13. h4 Bd6 14. Bh3 Qe7 15. Kh1
Kh8 16. Rg1 Rg8 17. g4 g5 18. h5 Nf8 19. Nf1 Ne6 20. Bc1 Qc7 21. Ne1 Ne8 22. f3
a5 23. a4 f6 24. Ng3 1/2-1/2

[Event "Banff op"]
[Site "Banff CAN"]
[Date "2022.11.12"]
[Round "4.23"]
[White "Chen, Ricky"]
[Black "Xu, Andrew"]
[Result "1/2-1/2"]
[WhiteElo "1764"]
[BlackElo "1962"]
[PlyCount "81"]
[EventDate "2022.11.11"]
[EventType "swiss"]
[EventRounds "6"]
[EventCountry "CAN"]

1. e4 c6 2. d3 d5 3. Nd2 e5 4. Ngf3 Bd6 5. c3 Nf6 6. Be2 O-O 7. O-O Re8 8. exd5
cxd5 9. d4 e4 10. Ne1 Qc7 11. h3 Bf5 12. Nc2 Nc6 13. Ne3 Be6 14. Re1 Qd7 15.
Ndf1 Rad8 16. Nh2 Ne7 17. Nhg4 Nxg4 18. Bxg4 f5 19. Be2 Bb8 20. Nf1 Rf8 21. f4
exf3 22. Bxf3 f4 23. Nh2 Ng6 24. Bg4 Bf5 25. b3 Qc7 26. Ba3 Bxg4 27. Qxg4 Rfe8
28. Re6 Qxc3 29. Rc1 Qxd4+ 30. Kh1 Qf2 31. Nf3 Ne5 32. Nxe5 Bxe5 33. Rxe8+ Rxe8
34. Qd7 Ra8 35. Qxd5+ Kh8 36. Qxe5 f3 37. Rg1 Qh4 38. Bb2 Rg8 39. Qf5 Qf2 40.
Bxg7+ Rxg7 41. Qf8+ 1/2-1/2

[Event "Banff op"]
[Site "Banff CAN"]
[Date "2022.11.12"]
[Round "4.24"]
[White "Hobbs, Richard"]
[Black "Russell, Wesley"]
[Result "1-0"]
[WhiteElo "1876"]
[BlackElo "1713"]
[PlyCount "81"]
[EventDate "2022.11.11"]
[EventType "swiss"]
[EventRounds "6"]
[EventCountry "CAN"]

1. e4 c6 2. d4 d5 3. Nc3 dxe4 4. Nxe4 Nf6 5. Ng3 e6 6. Nf3 Bd6 7. Be2 h5 8. Bg5
Nbd7 9. Qd2 Qc7 10. Bd3 Nd5 11. Ne2 c5 12. O-O c4 13. Be4 N7f6 14. Bxd5 Nxd5
15. Nc3 Nxc3 16. Qxc3 f6 17. Bh4 g5 18. Bg3 Bxg3 19. fxg3 Bd7 20. Nd2 Qd8 21.
Nxc4 Qe7 22. Qf3 Bb5 23. b3 Bxc4 24. bxc4 f5 25. Rab1 Rb8 26. Qe3 Kf7 27. d5 b6
28. dxe6+ Kg6 29. Rb5 Rhf8 30. Qe5 Qf6 31. Qe3 Qe7 32. Rd5 Rbd8 33. Qd4 Rxd5
34. cxd5 Rd8 35. c4 g4 36. Qe5 Rf8 37. d6 Qb7 38. e7 Qc8 39. exf8=Q Qxf8 40.
Qe6+ Kg5 41. Qe7+ 1-0